| 000 | 00704nam a22002177a 4500 | ||
|---|---|---|---|
| 005 | 20251108164955.0 | ||
| 008 | 250721s2011 xx 000 0 ara d | ||
| 082 | 1 | 4 | _a343.563092/أمي |
| 100 | 1 | _aالأمير، فؤاد قاسم | |
| 245 | 1 | 0 | _aالموزانة المائية في العراق وأزمة المياه في العالم / |
| 250 | _aط2. | ||
| 264 | 1 |
_aعمان : _bدار ورد الأردنية للنشر و التوزيع، _c2011. |
|
| 300 | _a359ص. | ||
| 650 | 1 | 7 | _aالقانون العام |
| 650 | 1 | 7 | _aالعراق |
| 650 | 1 | 7 | _aالمياه |
| 650 | 1 | 7 | _aالعلاقات الدولية |
| 650 | 1 | 7 | _aأزمة المياه |
| 942 |
_2ddc _cBK |
||
| 999 |
_c18799 _d18799 |
||